Stahlhochbau:Grundlagen,Konstruktionsarten und Konstruktionselemente von Hallen- und Skelettbauen

Gespeichert in:
Bibliographische Detailangaben
Hauptverfasser: Dubas, Pierre (Verfasst von), Gehri, Ernst (Verfasst von)
Format: Buch
Sprache:Deutsch
Veröffentlicht: Berlin : Springer Verlag, 1988
Schlagworte:
Tags: Tag hinzufügen
Keine Tags, Fügen Sie das erste Tag hinzu!

MARC

LEADER 00000nam a22000003a 4500
001 stu28683
005 20150617225701.2
008 950419s1988----gw------------------ger-d
020 |a 3-540-19348-0 
040 |a STU  |b slo 
041 0 |a ger 
044 |a gw 
080 |a 624.014  |7 stu_us_auth*stu13473 
100 1 |a Dubas, Pierre  |4 aut 
245 1 |a Stahlhochbau:Grundlagen,Konstruktionsarten und Konstruktionselemente von Hallen- und Skelettbauen 
260 |a Berlin :  |b Springer Verlag,  |c 1988 
300 |a 255 s 
650 7 |a konštrukcie oceľové  |2 stusub 
700 1 |a Gehri, Ernst  |4 aut 
996 |b 284AU04009  |c A*2204 U  |l AAKNAR  |s A  |a 24  |w stu28683_0001